|
|
|
|
| LEADER |
00000nam0a2200000 4500 |
| 001 |
66007 |
| 005 |
20231031071058.0 |
| 035 |
|
|
|a (RuTPU)RU\TPU\book\70101
|
| 090 |
|
|
|a 66007
|
| 100 |
|
|
|a 20040714d2001 m y0rusy50 ca
|
| 101 |
0 |
|
|a rus
|
| 102 |
|
|
|a RU
|
| 105 |
|
|
|a y j 001zy
|
| 200 |
1 |
|
|a Правоведение. Конспект лекций
|e учебное пособие
|f Э. Н. Камышев, Г. Ю. Литвинцева, М. Ю. Литвинцева
|g Томский политехнический университет
|
| 210 |
|
|
|a Томск
|c Изд-во ТПУ
|d 2001
|
| 215 |
|
|
|a 107 с.
|
| 320 |
|
|
|a Библиогр.: с. 104.
|
| 451 |
|
1 |
|0 (RuTPU)RU\TPU\book\57889
|t Правоведение (конспект лекций)
|f Э. Н. Камышев, Г. Ю. Литвинцева, М. Ю. Литвинцева
|g Томский политехнический университет
|c Томск
|n Изд-во ТПУ
|d 2002
|p 111 с.
|
| 451 |
|
1 |
|0 (RuTPU)RU\TPU\book\26893
|t Правоведение
|o конспект лекций
|f Томский политехнический университет; Сост. Э. Н. Камышев; Г. Ю. Литвинцева; М. Ю. Литвинцева
|c Томск
|n Изд-во ТПУ
|d 1999
|p 96 с.
|
| 610 |
1 |
|
|a право
|
| 610 |
1 |
|
|a теория
|
| 610 |
1 |
|
|a гражданское право
|
| 610 |
1 |
|
|a гражданское законодательство
|
| 610 |
1 |
|
|a собственность
|
| 610 |
1 |
|
|a обязательства
|
| 610 |
1 |
|
|a обязательственное право
|
| 610 |
1 |
|
|a наследственное право
|
| 610 |
1 |
|
|a административное право
|
| 610 |
1 |
|
|a трудовое право
|
| 610 |
1 |
|
|a семейное право
|
| 610 |
1 |
|
|a уголовное право
|
| 610 |
1 |
|
|a экологическое право
|
| 610 |
1 |
|
|a учебные пособия
|
| 686 |
|
|
|a Х620я73
|v LBC/SL-A
|2 rubbk
|
| 701 |
|
1 |
|a Камышев
|b Э. Н.
|c российский ученый
|c профессор кафедры социологии, психологии и права ТПУ
|f 1943-
|g Эдуард Николаевич
|2 stltpush
|3 (RuTPU)RU\TPU\pers\19796
|
| 701 |
|
1 |
|a Литвинцева
|b Г. Ю.
|
| 701 |
|
1 |
|a Литвинцева
|b М. Ю.
|c специалист в области права
|c старший преподаватель Томского политехнического университета
|g Марина Юрьевна
|2 stltpush
|3 (RuTPU)RU\TPU\pers\27973
|
| 712 |
0 |
2 |
|a Томский политехнический университет
|2 stltpush
|3 (RuTPU)RU\TPU\col\376
|
| 801 |
|
1 |
|a RU
|b 63413507
|c 20040714
|g PSBO
|
| 801 |
|
2 |
|a RU
|b 63413507
|c 20120918
|g PSBO
|
| 942 |
|
|
|c BK
|